Football Clubs Managed by Sam Allardyce - Statistics

General Stats
  • This quiz has been taken 267 times
    193 since last reset
  • The average score is 8 of 13
Answer Stats
Years Club % Correct
2011-2015 West Ham United
86%
2020-2021 West Bromwich Albion
81%
2016 England
77%
1999-2007 Bolton Wanderers
75%
2023— Leeds United
75%
2007-2008 Newcastle United
75%
2015-2016 Sunderland
74%
2016-2017 Crystal Palace
68%
2008-2010 Blackburn Rovers
66%
2017-2018 Everton
66%
1994-1996 Blackpool
35%
1997-1999 Notts County
26%
1991-1992 Limerick
10%
No matching quizzes found
Score Distribution
Percent of People with Each Score
Percentile by Number Answered
Your Score History
You have not taken this quiz since the last reset